000 01013nam a2200289 a 4500
001 60212
003 BD-RjUL
005 20211209080820.0
008 161229r19781972nyu 001 0 eng
020 _a0882755978
035 _a(BD-RjUL)60336
040 _aDLC
_cDLC
_dBD-RjUL
_beng
041 _aeng
082 0 0 _a658.18
_223
_bRII 1978
100 1 _aRichman, Barry M.
_9179704
245 1 0 _aInternational management and economic development :
_bwith particular reference to India and other developing countries /
_cBarry M. Richman and Melvyn Copen.
260 _aNew York :
_bMcGraw-Hill,
_c1972 [ Reprint 1978 ]
300 _aix, 681 p. ;
_c23 cm.
490 0 _aMcGraw-Hill series in management
500 _aIncludes index.
650 0 _aInternational business enterprises
_zIndia.
_9177001
650 0 _aTechnical assistance.
_9179705
650 0 _aEconomic development.
_9170469
650 0 _aIndustrial management
_zIndia.
_9179706
700 1 _aCopen, Melvyn, jt. auth.
_9179707
942 _2ddc
_cBK
999 _c60212
_d60212